00682 a2200229 450000500170000000800410001701000140005802000230007203500130009503700150010808200130012310000210013624500790015725000110023626000490024727000440029630000280034050000190036865000220038765000230040965100200043220080925113828.0080925t xxu||||| |||| 00| 0 eng d aENG-87899 a007066756Xc350.00 aEN-71432 bDBAD / PUB a621.3822 aMitra, Sanjit K. aDigital signal processing:cby Sanjit K. Mitraba computer-based approach/ a3rd ed aNew DelhibTata McGraw-Hill Publishingc2008 a7, West Patel NagarbNew Delhie110 008 axx, 926p.c24 cm. (Pbk) aIncludes index aSignal processing aDigital techniques aData processing